[Event "FRA-chT"]
[Site "France"]
[Date "1998.??.??"]
[Round "6"]
[White "Boyd, Stephen"]
[Black "Hagege, N."]
[Result "1-0"]
[WhiteElo "2355"]
[BlackElo "2205"]
[PlyCount "117"]
[EventDate "1998.02.06"]
[EventType "team"]
[EventRounds "11"]
[EventCountry "FRA"]
[SourceTitle "EXT 2001"]
[Source "ChessBase"]
[SourceDate "2000.11.22"]
[SourceVersion "1"]
[SourceVersionDate "2000.11.22"]
[SourceQuality "1"]

1. g3 Nf6 2. Bg2 d5 3. Nf3 g6 4. c4 c6 5. b3 Bg7 6. Bb2 0-0 7. 0-0 dxc4 8. bxc4 Bg4 9. Qc2 Qc8 10. Re1 Na6 11. Nc3 Bh3 12. Bh1 Be6 13. d3 h6 14. Rab1 Qc7 15. Nd2 Rad8 16. Nce4 Ne8 17. Bxg7 Nxg7 18. Qb2 Bc8 19. Nf3 Ne6 20. d4 Qa5 21. Red1 Nac7 22. e3 Ne8 23. Ne5 Nf6 24. Nxf6+ exf6 25. Ng4 Qg5 26. h3 f5 27. f4 Qe7 28. Ne5 Kh7 29. Qc3 Rg8 30. Kh2 f6 31. Nf3 Rge8 32. Rd3 Kg7 33. Nd2 Qd6 34. Nb3 b6 35. Rbd1 Nc7 36. c5 bxc5 37. dxc5 Qe7 38. Bxc6 Rxd3 39. Rxd3 Rf8 40. Qd4 Ba6 41. Qd6 Rf7 42. Rc3 Qf8 43. Qxf8+ Rxf8 44. Nd4 Kf7 45. Kg2 Ke7 46. Rb3 Rd8 47. Bf3 Ke8 48. Kf2 Rc8 49. Bb7 Bxb7 50. Rxb7 a6 51. a4 Kd7 52. Rb6 Rf8 53. Ke2 Rf7 54. Kd3 Kc8 55. Rc6 Kb7 56. Rb6+ Kc8 57. Kc4 Kd7 58. Rd6+ Kc8 59. Ne6 1-0